| 000 | 00370nam a2200145Ia 4500 | ||
|---|---|---|---|
| 008 | 240624s9999 xx 000 0 und d | ||
| 041 | _aeng | ||
| 082 | _a658.406 BRO | ||
| 100 | _aBROWN DONALD R | ||
| 245 | _aEXPERIENTIAL APPROACH TO ORGANIZATION DE | ||
| 250 | _a(8th ed.) | ||
| 260 |
_c2014 _aNew Delhi _bPearson |
||
| 300 | _a429 : p. : cm. ; 26 | ||
| 365 |
_cRS _b33 |
||
| 999 |
_c24675 _d24675 |
||